Daňové exekučné konanie: vybrané právne otázky
Priebeh daňového exekučného konania. Daňová exekučná výzva. Daňový exekučný príkaz. Spôsoby vykonávania daňovej exekúcie. Zákaz navrátenia do pôvodného stavu. Súbeh daňového exekučného konania a iných druhov právneho procesu. Daňové exekučné konanie a bezpodielové spoluvlastníctvo manželov. Náklady...
Gespeichert in:
| 1. Verfasser: | |
|---|---|
| Format: | Buchkapitel |
| Sprache: | Slowakisch |
| Schlagworte: | |
| Tags: |
Keine Tags, Fügen Sie das erste Tag hinzu!
|
MARC
| LEADER | 00000naa a2200000 4500 | ||
|---|---|---|---|
| 001 | 0258502 | ||
| 005 | 20190925111625.5 | ||
| 041 | 0 | |a slo | |
| 044 | |a SK | ||
| 245 | 1 | 0 | |a Daňové exekučné konanie: vybrané právne otázky |c Michal Kočiš |
| 520 | |a Priebeh daňového exekučného konania. Daňová exekučná výzva. Daňový exekučný príkaz. Spôsoby vykonávania daňovej exekúcie. Zákaz navrátenia do pôvodného stavu. Súbeh daňového exekučného konania a iných druhov právneho procesu. Daňové exekučné konanie a bezpodielové spoluvlastníctvo manželov. Náklady daňovej exekúcie a daňový exekučný účet. | ||
| 610 | 2 | 0 | |a konanie exekučné daňové |
| 610 | 2 | 0 | |a exekúcia daňová |
| 610 | 2 | 0 | |a právo exekučné |
| 610 | 2 | 0 | |a spoluvlastníctvo |
| 610 | 2 | 0 | |a nedoplatky |
| 610 | 2 | 0 | |a dane |
| 100 | 1 | |a Kočiš, Michal | |